[Event "Foxwoods op 09th"]
[Site "Connecticut"]
[Date "2007.04.07"]
[Round "6"]
[White "Fleischman, Eric"]
[Black "Karen, Brian"]
[Result "1-0"]
[WhiteElo "2075"]
[BlackElo "2137"]
[PlyCount "65"]
[EventDate "2007.04.04"]
[EventType "swiss"]
[EventRounds "9"]
[EventCountry "USA"]
[SourceTitle "CBM 117 Extra"]
[Source "ChessBase"]
[SourceDate "2007.05.09"]
[SourceVersion "1"]
[SourceVersionDate "2007.05.09"]
[SourceQuality "1"]

1. d4 d5 2. Nc3 Nf6 3. Bg5 Bf5 4. f3 Bg6 5. e3 e6 6. Bd3 c5 7. Nge2 Nc6 8. Qd2 Rc8 9. a3 Be7 10. 0-0 a6 11. Kh1 b5 12. Bxf6 gxf6 13. f4 f5 14. dxc5 Bxc5 15. Nd1 Qb6 16. c3 Bh5 17. b4 Be7 18. a4 0-0 19. Nd4 Nxd4 20. exd4 Qc6 21. axb5 axb5 22. Ra3 Ra8 23. Rxa8 Rxa8 24. Nf2 Rc8 25. g4 fxg4 26. f5 exf5 27. Bxf5 Qxc3 28. Qe2 Rc7 29. Nxg4 Bg6 30. Bxg6 fxg6 31. Qe6+ Kh8 32. Qe5+ Kg8 33. Nh6# 1-0

[Event "Nassau CC-ch"]
[Site "Mineola"]
[Date "2006.10.23"]
[Round "2"]
[White "Stenzel, Harold G"]
[Black "Karen, Brian"]
[Result "1-0"]
[WhiteElo "2000"]
[BlackElo "2088"]
[PlyCount "193"]
[EventDate "2006.10.16"]
[EventType "swiss"]
[EventRounds "10"]
[EventCountry "USA"]
[SourceTitle "EXT 2008"]
[Source "ChessBase"]
[SourceDate "2007.11.25"]
[SourceVersion "1"]
[SourceVersionDate "2007.11.25"]
[SourceQuality "1"]

1. e4 g6 2. d4 Bg7 3. f4 c5 4. c3 cxd4 5. cxd4 d5 6. e5 Nh6 7. Nc3 0-0 8. Be3 Nc6 9. Nf3 Bg4 10. Be2 Rc8 11. 0-0 Na5 12. Rc1 Nc4 13. Bxc4 Rxc4 14. h3 Be6 15. Ng5 Bc8 16. b3 Rc6 17. Qd2 f6 18. Nf3 Be6 19. Na4 Rxc1 20. Rxc1 b6 21. Qc3 Qd7 22. Qc7 Rc8 23. Qxc8+ Qxc8 24. Rxc8+ Bxc8 25. Nc3 Bb7 26. g4 f5 27. g5 Nf7 28. Nb5 a6 29. Nc7 Nd8 30. Ne1 Kf7 31. Nd3 e6 32. Nb4 a5 33. Nc2 Bc6 34. Na3 Bf8 35. Ncb5 Ke8 36. Kf2 Kd7 37. Ke2 Nf7 38. Kd3 Bb7 39. Kc2 Nd8 40. Kb2 Ba6 41. Nc3 Nc6 42. Nc2 Bd3 43. a4 Nb4 44. Ne1 Bf1 45. h4 Kc6 46. Kc1 Na6 47. Nc2 Nc7 48. Kd2 Ba6 49. Bf2 Ne8 50. Be1 Ng7 51. Ke3 Nh5 52. Kf3 Bd3 53. Ne3 Be4+ 54. Nxe4 dxe4+ 55. Kf2 Nxf4 56. Bc3 Nd5 57. Nd1 Ba3 58. Bd2 f4 59. Ke2 e3 60. Be1 Bc1 61. Kf3 Ba3 62. Ke2 Bf8 63. Nb2 h6 64. gxh6 Bxh6 65. Nd3 Ne7 66. Kf3 Kd5 67. Bc3 Nf5 68. Nxf4+ Bxf4 69. Kxf4 Nxd4 70. Kxe3 Nxb3 71. Kf4 Nc5 72. Kg5 Ne4+ 73. Kxg6 Nxc3 74. h5 Ne2 75. h6 Nf4+ 76. Kf7 Nd3 77. h7 Nxe5+ 78. Kg7 Nc4 79. h8Q Kc5 80. Qc8+ Kb4 81. Qxe6 b5 82. axb5 Kxb5 83. Qd5+ Kb4 84. Qb7+ Kc3 85. Qb5 Kd4 86. Kf6 Kc3 87. Ke6 Kd4 88. Qb3 Kc5 89. Qa4 Kd4 90. Kd7 Kc5 91. Kc7 Kd5 92. Kb7 Kc5 93. Ka6 Kd5 94. Kb5 Nd6+ 95. Kxa5 Kc5 96. Qb4+ Kd5 97. Kb6 1-0

[Event "Nassau CC-ch"]
[Site "Nassau"]
[Date "2001.12.10"]
[Round "9"]
[White "Stripunsky, Alexander"]
[Black "Karen, Brian"]
[Result "1-0"]
[WhiteElo "2624"]
[BlackElo "2045"]
[PlyCount "71"]
[EventDate "2001.??.??"]
[EventType "swiss"]
[EventRounds "10"]
[EventCountry "USA"]
[SourceTitle "EXT 2003"]
[Source "ChessBase"]
[SourceDate "2002.11.25"]
[SourceVersion "1"]
[SourceVersionDate "2002.11.25"]
[SourceQuality "1"]

1. e4 g6 2. d4 Bg7 3. Nc3 c5 4. dxc5 Bxc3+ 5. bxc3 Qa5 6. Rb1 Qxc5 7. Qd4 Qxd4 8. cxd4 d6 9. Bb5+ Nd7 10. Ne2 a6 11. Bd3 Ngf6 12. f3 0-0 13. g4 e5 14. c3 d5 15. g5 dxe4 16. fxe4 Nh5 17. 0-0 b5 18. a4 Bb7 19. Ba3 Rfc8 20. Rf2 Nb6 21. Rbf1 Nf4 22. Nxf4 exf4 23. Bb4 a5 24. Bd6 Rxc3 25. Bxb5 Bxe4 26. Rxf4 Bf5 27. R4f3 Rc2 28. Bc5 Nc4 29. Re1 Nb2 30. Rfe3 h5 31. Bd6 Rcc8 32. Bc5 Be6 33. Rb1 Nc4 34. Rxe6 fxe6 35. Bxc4 Re8 36. Rb6 1-0

[Event "Nassau CC-ch"]
[Site "Nassau"]
[Date "2001.11.12"]
[Round "5"]
[White "Kreitner, Ilan"]
[Black "Karen, Brian"]
[Result "1/2-1/2"]
[WhiteElo "2200"]
[BlackElo "2045"]
[PlyCount "25"]
[EventDate "2001.??.??"]
[EventType "swiss"]
[EventRounds "10"]
[EventCountry "USA"]
[SourceTitle "EXT 2003"]
[Source "ChessBase"]
[SourceDate "2002.11.25"]
[SourceVersion "1"]
[SourceVersionDate "2002.11.25"]
[SourceQuality "1"]

1. e4 g6 2. d4 Bg7 3. Nc3 c5 4. Nf3 cxd4 5. Nxd4 Nc6 6. Be3 Nf6 7. Bc4 Qa5 8. 0-0 0-0 9. Bb3 d6 10. h3 Qh5 11. Qxh5 Nxh5 12. Rad1 Nf6 13. Rfe1 1/2-1/2

[Event "Nassau CC-ch"]
[Site "Nassau"]
[Date "2000.12.18"]
[Round "10"]
[White "Karen, Brian"]
[Black "Tamarkin, Larry S"]
[Result "0-1"]
[WhiteElo "2056"]
[BlackElo "2098"]
[PlyCount "58"]
[EventDate "2000.10.??"]
[EventType "swiss"]
[EventRounds "10"]
[EventCountry "USA"]
[SourceTitle "EXT 2003"]
[Source "ChessBase"]
[SourceDate "2002.11.25"]
[SourceVersion "1"]
[SourceVersionDate "2002.11.25"]
[SourceQuality "1"]

1. e4 c5 2. Nc3 Nc6 3. f4 e6 4. Nf3 a6 5. g3 g6 6. e5 d6 7. exd6 Bxd6 8. Ne4 Bf8 9. d3 Bg7 10. Bg2 Nge7 11. 0-0 0-0 12. Be3 b6 13. Ne5 Bb7 14. Nxc6 Bxc6 15. c3 Ra7 16. Qc2 Rd7 17. Rfd1 Qa8 18. Bf1 Nf5 19. Bf2 Rfd8 20. a4 a5 21. g4 Nh6 22. h3 Qb7 23. Bh4 Rf8 24. Nf6+ Kh8 25. Nxd7 Qxd7 26. Bg3 Bf3 27. Re1 Bb7 28. Qb3 Qc6 29. Kf2 Qf3+ 0-1

[Event "Nassau CC-ch"]
[Site "Nassau"]
[Date "1999.12.13"]
[Round "9"]
[White "Karen, Brian"]
[Black "Bonin, Jay R"]
[Result "0-1"]
[WhiteElo "2077"]
[BlackElo "2401"]
[PlyCount "92"]
[EventDate "1999.10.18"]
[EventType "swiss"]
[EventRounds "10"]
[EventCountry "USA"]
[SourceTitle "EXT 2003"]
[Source "ChessBase"]
[SourceDate "2002.11.25"]
[SourceVersion "1"]
[SourceVersionDate "2002.11.25"]
[SourceQuality "1"]

1. e4 c5 2. Nc3 Nc6 3. f4 a6 4. Nf3 e6 5. d4 cxd4 6. Nxd4 Nxd4 7. Qxd4 b5 8. Be3 Bb7 9. Be2 Rc8 10. Qd3 Qc7 11. a3 Nf6 12. Bf3 h5 13. h3 h4 14. Rd1 Bxa3 15. Nxb5 Bb4+ 16. c3 axb5 17. cxb4 0-0 18. 0-0 Qc4 19. Bc5 Qxd3 20. Rxd3 Rfe8 21. Re1 d5 22. e5 Ne4 23. Rc1 Ra8 24. Ra3 Rxa3 25. bxa3 Ra8 26. Bxe4 dxe4 27. Rc3 Rd8 28. Bd6 f6 29. Kf2 Rd7 30. Rc7 Rxc7 31. Bxc7 e3+ 32. Kxe3 Bxg2 33. exf6 gxf6 34. Kf2 Bxh3 35. Bb6 Bg4 36. Bd4 Kf7 37. Kg2 Kg6 38. Kf2 Kf5 39. Be3 Ke4 40. Bc1 e5 41. fxe5 fxe5 42. Bg5 h3 43. Kg3 Kd3 44. Kf2 e4 45. Bf4 e3+ 46. Ke1 Ke4 0-1

[Event "Nassau CC-ch"]
[Site "Nassau"]
[Date "1999.11.22"]
[Round "6"]
[White "Karen, Brian"]
[Black "Kreitner, Ilan"]
[Result "1-0"]
[WhiteElo "2077"]
[BlackElo "2200"]
[PlyCount "117"]
[EventDate "1999.10.18"]
[EventType "swiss"]
[EventRounds "10"]
[EventCountry "USA"]
[SourceTitle "EXT 2003"]
[Source "ChessBase"]
[SourceDate "2002.11.25"]
[SourceVersion "1"]
[SourceVersionDate "2002.11.25"]
[SourceQuality "1"]

1. e4 c5 2. Nc3 g6 3. f4 Bg7 4. Nf3 e6 5. d4 cxd4 6. Nxd4 a6 7. Be3 Nc6 8. Nxc6 bxc6 9. e5 Ne7 10. Ne4 0-0 11. Qd2 f5 12. Nd6 g5 13. g3 Ng6 14. Bc5 gxf4 15. Nxc8 Qxc8 16. Bxf8 Qxf8 17. 0-0-0 Ra7 18. gxf4 Bh6 19. Rg1 Kh8 20. Rxg6 hxg6 21. Qf2 c5 22. Rd6 Rc7 23. Bxa6 Qg7 24. Qh4 g5 25. fxg5 Qxg5+ 26. Qxg5 Bxg5+ 27. Kd1 Bf4 28. Bb5 Bxe5 29. Rxd7 Rxd7+ 30. Bxd7 Bxb2 31. Bxe6 f4 32. Ke2 Kg7 33. Kf3 Kf6 34. Bc4 Kg5 35. Bd3 Ba3 36. Be4 Bb4 37. a4 Ba5 38. Bc6 c4 39. Bd5 c3 40. Ke4 Kg4 41. Be6+ Kg5 42. h3 Bc7 43. Bg4 Kh4 44. Kd3 Ba5 45. Ke4 Kg3 46. Bf5 f3 47. Bg4 f2 48. Be2 Kg2 49. h4 f1Q 50. Bxf1+ Kxf1 51. h5 Ke2 52. h6 Bd8 53. a5 Bxa5 54. h7 Kd2 55. h8Q Kxc2 56. Qh2+ Kb1 57. Kd3 Bb4 58. Qc2+ Ka1 59. Qa4+ 1-0

[Event "Nassau CC-ch"]
[Site "Nassau"]
[Date "1999.11.08"]
[Round "4"]
[White "Teasley, Dorothy O"]
[Black "Karen, Brian"]
[Result "1/2-1/2"]
[WhiteElo "2003"]
[BlackElo "2077"]
[PlyCount "234"]
[EventDate "1999.10.18"]
[EventType "swiss"]
[EventRounds "10"]
[EventCountry "USA"]
[SourceTitle "EXT 2003"]
[Source "ChessBase"]
[SourceDate "2002.11.25"]
[SourceVersion "1"]
[SourceVersionDate "2002.11.25"]
[SourceQuality "1"]

1. d4 g6 2. Nf3 Bg7 3. Bf4 Nf6 4. e3 d6 5. h3 0-0 6. Nbd2 Nbd7 7. Bc4 c6 8. c3 Nh5 9. Bh2 Re8 10. Qb3 d5 11. Be2 Nhf6 12. Qc2 c5 13. 0-0 cxd4 14. cxd4 Nf8 15. Rac1 Ne6 16. Ne5 Qb6 17. Qb3 Qxb3 18. Nxb3 Nd7 19. Rxc8 Rexc8 20. Nxd7 Rc2 21. Bf3 Rd8 22. Ndc5 Nxc5 23. Nxc5 Rxb2 24. Ra1 e6 25. a4 b6 26. Nd3 Rd2 27. Ne5 Rc8 28. Bg3 Rcc2 29. Bd1 Rc8 30. Nf3 Rb2 31. Ne1 Rb4 32. Nd3 Rbc4 33. Be2 Bf8 34. a5 Rc2 35. axb6 axb6 36. Bd1 Rd2 37. Ne5 b5 38. Kf1 Rb2 39. Nd7 Be7 40. Nb6 Rd8 41. Ra7 Bd6 42. Bh4 Rb8 43. Nd7 Rc8 44. Bf6 Rd2 45. Ra1 b4 46. Nc5 Bxc5 47. dxc5 Rd3 48. Be7 b3 49. Ke2 Rc3 50. Kd2 R3xc5 51. Bxc5 Rxc5 52. Bxb3 Rc7 53. Bd1 Kg7 54. Ra2 Re7 55. Rb2 Rc7 56. Be2 Ra7 57. f4 h5 58. g4 hxg4 59. hxg4 Kf6 60. g5+ Kg7 61. Bg4 Rc7 62. Kd3 Ra7 63. Rb3 Rc7 64. Rc3 Ra7 65. Kd4 Ra4+ 66. Ke5 Re4+ 67. Kd6 Ra4 68. Be2 Ra8 69. Bb5 Rb8 70. Bc6 Rd8+ 71. Bd7 Rb8 72. Ra3 Rb6+ 73. Kc5 Rb7 74. Bc6 Rb2 75. Kd6 Rb6 76. Rc3 Rb8 77. Bd7 Rb6+ 78. Ke7 Rb7 79. Ra3 Rc7 80. Kd6 Rb7 81. Kc6 Rb4 82. Rc3 d4 83. exd4 Rxd4 84. Rf3 Kf8 85. Kc7 Ke7 86. Bc6 Kf8 87. Kb6 Rc4 88. Kb5 Rc1 89. Be4 Kg7 90. Kb4 Rc7 91. Bd3 Kf8 92. Bc4 Kg7 93. Kc3 Rd7 94. Rd3 Rc7 95. Rd8 Re7 96. Kd4 Rc7 97. Rd6 Re7 98. Ke5 Rc7 99. Bxe6 Re7 100. Kd5 fxe6+ 101. Rxe6 Rf7 102. Ke4 Ra7 103. Rd6 Re7+ 104. Kd3 Rf7 105. Rd4 Re7 106. Kc4 Kf7 107. Kd5 Kg7 108. Kc6 Re6+ 109. Kc7 Re3 110. Kd6 Re8 111. Ra4 Rd8+ 112. Ke7 Rf8 113. Rd4 Rf5 114. Ke6 Kg8 115. Ra4 Kg7 116. Kd6 Kg8 117. Re4 Kg7 1/2-1/2

[Event "Nassau CC-ch"]
[Site "Long Island"]
[Date "1998.??.??"]
[Round "?"]
[White "Karen, Brian"]
[Black "Panken, Richard"]
[Result "1-0"]
[WhiteElo "2210"]
[BlackElo "2125"]
[PlyCount "91"]
[EventDate "1998.??.??"]
[EventType "swiss"]
[EventRounds "10"]
[EventCountry "USA"]
[SourceTitle "EXT 2002"]
[Source "ChessBase"]
[SourceDate "2001.11.25"]
[SourceVersion "1"]
[SourceVersionDate "2001.11.25"]
[SourceQuality "1"]

1. e4 c5 2. Nc3 Nc6 3. f4 g6 4. Nf3 Bg7 5. Bb5 Nd4 6. Bd3 a6 7. 0-0 d6 8. Nxd4 Bxd4+ 9. Kh1 e6 10. Ne2 Bg7 11. c3 Ne7 12. Bc2 0-0 13. f5 exf5 14. d3 d5 15. Bg5 f6 16. Be3 b6 17. Nf4 Kh8 18. Qf3 dxe4 19. dxe4 Ra7 20. Rad1 Qc7 21. Nd5 fxe4 22. Bxe4 Nxd5 23. Bxd5 Bb7 24. Bf4 Bxd5 25. Rxd5 Qf7 26. Rfd1 Re8 27. Qd3 Rae7 28. h3 g5 29. Bh2 Re1+ 30. Bg1 Rxd1 31. Qxd1 Bf8 32. Rd7 Qe6 33. Qd3 Be7 34. Ra7 c4 35. Qf1 b5 36. Bd4 Kg8 37. Rb7 Rf8 38. Rb6 Qf7 39. Rxa6 f5 40. Qe1 Re8 41. Qe5 Kf8 42. Re6 g4 43. Bc5 Kg8 44. Rxe7 Rxe7 45. Qxe7 Qg6 46. Qf8# 1-0